Modern Indian Literature (Record no. 45337)

MARC details
000 -LEADER
fixed length control field 00432nam a2200145Ia 4500
008 - FIXED-LENGTH DATA ELEMENTS--GENERAL INFORMATION
fixed length control field 211109s9999||||xx |||||||||||||| ||und||
082 ## - DEWEY DECIMAL CLASSIFICATION NUMBER
Classification number 894.81954
Item number GOV-M
100 ## - MAIN ENTRY--PERSONAL NAME
Personal name Govi, K M
245 #0 - TITLE STATEMENT
Title Modern Indian Literature
260 ## - PUBLICATION, DISTRIBUTION, ETC.
Name of publisher, distributor, etc. Ranjima Pub
Place of publication, distribution, etc. Chry Bn 12
Date of publication, distribution, etc. 1900
300 ## - PHYSICAL DESCRIPTION
Extent 103p
630 ## - SUBJECT ADDED ENTRY--UNIFORM TITLE
General subdivision GENERAL STACK
650 ## - SUBJECT ADDED ENTRY--TOPICAL TERM
Topical term or geographic name entry element Indic literature
942 ## - ADDED ENTRY ELEMENTS (KOHA)
Koha item type BOOK
650 ## - SUBJECT ADDED ENTRY--TOPICAL TERM
Form subdivision Altaic, Uralic, Hyperborean & Dravidian
General subdivision Literature & rhetoricGeneralia
Holdings
Withdrawn status Lost status Source of classification or shelving scheme Damaged status Not for loan Home library Current library Date acquired Cost, normal purchase price Full call number Barcode Shelving location Date last seen Price effective from Koha item type
    Dewey Decimal Classification     SB LIBRARY SB LIBRARY 09/11/2021 100.00 020.5 GOV-M 00087301 GENERAL STACK 09/11/2021 09/11/2021 BOOK

Powered by Koha